Comparative statistical inference /
Guardado en:
| Autor Principal: | |
|---|---|
| Formato: | Libro |
| Idioma: | English |
| Publicado: |
London :
Wiley,
c1973.
|
| Series: | Wiley series in probability and mathematical statistics. Probability and mathematical statistics
|
| Materias: | |
| Etiquetas: |
Agregar Etiqueta
Sin Etiquetas, Sea el primero en etiquetar este registro!
|
| LEADER | 00803cam a2200229 a 4500 | ||
|---|---|---|---|
| 001 | MAT.inmabb005239 | ||
| 008 | 731101s1973####enka#####b####001#0#eng## | ||
| 005 | 20130225164212.0 | ||
| 245 | 1 | 0 | |a Comparative statistical inference / |c Vic Barnett. |
| 260 | |a London : |b Wiley, |c c1973. | ||
| 300 | |a xv, 287 p. : |b il. ; |c 24 cm. | ||
| 440 | 0 | |a Wiley series in probability and mathematical statistics. |p Probability and mathematical statistics | |
| 504 | |a Incluye referencias bibliográficas e índice. | ||
| 510 | 4 | |a MR, |c 84f:62003 |3 (de la 2ª ed.) | |
| 020 | |a 0471054011 | ||
| 100 | 1 | |a Barnett, Vic. | |
| 650 | 0 | |a Mathematical statistics. | |
| 650 | 0 | |a Statistical decision. | |
| 084 | |a 62A01 (62Cxx 62Fxx) |2 msc2000 | ||
| 010 | |a 73001833 | ||
| 040 | |a DLC |c DLC |d DLC | ||
| 859 | |h 62 |i B261 |p A-4941 |b BIB. MATEMATICA | ||
